00305nam a2200121Ia 4500008004100000020002200041041000800063082002100071100001900092245002700111260003600138300000900174230411s9999 xx 000 0 und d a978-93-86622-81-5 aeng aX/891/KAN/B09731 aKanetkar Gauri aMrutyu Pahileli Manase bSamakalin PrakashanaPunec2021 a146p